[Event "New York op"]
[Site "New York"]
[Date "1997.??.??"]
[Round "?"]
[White "Fishbein, Alexander"]
[Black "Alterman, Boris"]
[Result "1/2-1/2"]
[WhiteElo "2525"]
[BlackElo "2595"]
[Annotator "Alterman,B"]
[PlyCount "65"]
[EventDate "1997.04.02"]
[EventType "swiss"]
[EventRounds "9"]
[EventCountry "USA"]
[SourceTitle "CBM 057 Extra"]
[Source "ChessBase"]
[SourceDate "1997.05.01"]
[SourceVersion "1"]
[SourceVersionDate "1997.05.01"]
[SourceQuality "1"]

1. e4 c5 2. Nf3 d6 3. d4 cxd4 4. Nxd4 Nf6 5. Nc3 g6 6. Be2 Bg7 7. O-O O-O 8.
Nb3 Nc6 9. Bg5 a6 10. a4 Be6 11. f4 (11. Kh1 h6 $6 (11... Rc8 12. f4 Nb4 $6 13.
f5 Bc4 14. a5 Bxb3 15. cxb3 Rc5 16. Ra4 Nc6 17. b4 Rxc3 18. Bxf6 Re3 19. Bxg7
Kxg7 20. b5 $16 {Fishbein,A-Karason,A Saint John op-1 1988 1-0 40}) 12. Be3 d5
13. exd5 Nxd5 14. Nxd5 Qxd5 15. Nc5 Bxb2 16. Qxd5 Bxd5 17. Rad1 Nb4 18. Nd7 $16
{Xie Jun-Chiburdanidze,M (11) WchW Manila 1991 1-0 34}) 11... Na5 12. Kh1 Rc8
13. Nxa5 Qxa5 14. Bd3 Rfe8 (14... Bc4 15. Qf3 e6 (15... Qb4 16. Rab1 b5 17.
axb5 axb5 18. Bxc4 Qxc4 19. Bxf6 Bxf6 20. Nd5 Qxc2 21. e5 dxe5 22. fxe5 Bg5 23.
Qg3 Rcd8 24. Rbd1 e6 25. Qxg5 Rxd5 26. Rxd5 exd5 27. e6 Qe4 28. exf7+ Rxf7 29.
Rd1 Qf5 30. Qc1 d4 {0-1 Thorhallsson,T-Petursson,M/Reykjavik op (06) ;EXP 39
1994 (45)}) 16. f5 Bxd3 17. cxd3 Qb4 18. Rf2 $16 {Fishbein,A-Danek,L Vienna op
(4) 1991 1-0 41}) 15. Qf3 (15. Qe2 Qb4 16. a5 $2 (16. f5 Qxb2 $2 17. Bd2 $18)
16... Bg4 (16... Qxb2 $2 17. Na4 Qd4 18. Nb6 Rc7 19. Ra4 $16) 17. Qd2 Bd7 $1
18. Qe2 $2 (18. Ra3 Bc6 $15) 18... Qxb2 $17 19. Bxf6 (19. Na4 Bxa4 20. Rxa4 Nd7
$17) 19... Bxf6 20. Nd5 Bb5 (20... Qxa1 $5 21. Rxa1 Bxa1 22. Nb6 Rc7 23. Nd5
Rc5 $17) 21. Bxb5 Qxb5 22. Qxb5 axb5 23. Rab1 Rc5 $1 (23... Rxc2 $6 24. Rxb5
$15) 24. Rfd1 (24. Nxf6+ exf6 25. Rfe1 Rxc2 26. Rxb5 Rxe4 $19) 24... Kg7 25.
Nb6 (25. g4 g5 26. Nxf6 exf6 27. fxg5 fxg5 28. Rd4 Re6 $19) 25... Rxc2 26. Rxb5
Re2 27. Nd5 (27. Rb4 $5 $17) 27... Rxe4 $19 {0-1 Anand,V-Topalov,V/Linares (08)
,CBM 40 1994 (42)}) (15. f5 $5) 15... Bd7 $1 16. Rab1 (16. Rae1 Bc6 $132) 16...
Qc5 $1 (16... Qb4 17. e5) 17. Bxf6 $8 (17. f5 Bc6 $15) 17... exf6 (17... Bxf6
$6 18. Nd5 Bxa4 19. b4 $1 Qa7 20. e5 Bg7 21. f5 $40) 18. Nd5 f5 (18... Bxa4 19.
b4 $1 Qc6 20. f5 Bb5 21. fxg6 $2 (21. Rbc1 $1 $44) 21... hxg6 22. Nxf6+ Bxf6
23. Qxf6 Qd7 $11) 19. exf5 Bc6 20. c4 Bxd5 $11 21. Qxd5 Qxd5 22. cxd5 Re3 23.
Rfd1 Rc5 24. fxg6 hxg6 25. b3 Kf8 26. Bc4 b5 27. axb5 axb5 28. Bf1 b4 29. Bc4
Rc3 30. Kg1 Ra5 31. Rd2 Ke7 32. Kf1 Re3 33. g3 1/2-1/2

[Event "Linares m"]
[Site "Linares"]
[Date "1992.??.??"]
[Round "6"]
[White "Anand, Viswanathan"]
[Black "Ivanchuk, Vassily"]
[Result "1/2-1/2"]
[WhiteElo "2690"]
[BlackElo "2720"]
[Annotator "Anand,V"]
[PlyCount "91"]
[EventDate "1992.09.??"]
[EventType "match"]
[EventRounds "8"]
[EventCountry "ESP"]
[SourceTitle "CBM 031"]
[Source "ChessBase"]
[SourceDate "1992.12.01"]
[SourceVersion "1"]
[SourceVersionDate "1992.12.01"]
[SourceQuality "1"]

1. e4 c5 2. Nf3 d6 3. d4 cxd4 4. Nxd4 Nf6 5. Nc3 a6 6. f4 Nbd7 7. Be2 g6 8. O-O
Bg7 9. a4 O-O 10. Kh1 $1 {White should restrain ...b7-b5, and the king move
looks most precise, as sometimes the QB goes to f4 in one jump.} Qc7 (10... b6
$2 11. Nc6 Qe8 12. e5 $18) (10... e5 11. Nb3 (11. Nf3 Nc5 $10) 11... Qc7 (11...
exf4 12. Bxf4 Ne5 (12... Nc5 13. Bxd6 Nxb3 14. Bxf8 $18) 13. Qd2 $14 {But a
very nice edge indeed.}) (11... Nc5 $2 12. Nxc5 dxc5 13. Qxd8 Rxd8 14. fxe5 $16
) 12. f5 $5 $36) 11. Bf3 $1 Re8 (11... b6 $4 12. e5 $18) (11... Rb8 $5) (11...
e5 12. Nb3 exf4 13. Bxf4 Ne5 14. Bg5 $1 $14) 12. Nb3 (12. f5 $5 Ne5 13. Bg5 Nc4
(13... Nxf3 14. Qxf3 $14) (13... Bd7 14. Bxf6) 14. Qc1 $5 $14 Nxe4 $140 15.
Bxe4 Bxd4 16. Nd5 Qd8 $8 17. f6 $1 $16) 12... Nb6 (12... Rb8 $5) 13. Qe1 (13.
Qe2 $5 Be6 (13... Nc4 $140 14. a5 $1 Bd7 15. e5 $1 dxe5 16. fxe5 Nxe5 17. Bf4
$16) 14. Rd1 Bc4 15. Qf2 Nbd7 16. Be3) 13... Nc4 (13... Be6 $5) 14. Be2 $6 b6
$1 {Of course now that the bishop is not on the h1-a8/^ anymore} (14... Bd7 15.
a5) 15. Bd3 Bb7 16. Qe2 Rec8 $1 $10 {Quite nice, to keep the a8 rook defending
the a6 pawn.} 17. Nd2 Nxd2 (17... Na5 18. Nf3) 18. Bxd2 Nd7 19. Ra3 $6 {
What the hell am I doing??} (19. Rae1 $5 Nc5 20. f5 Bxc3 $5 21. Bxc3 Nxa4 22.
Bd4 $13) (19. Nd5 $5 Bxd5 20. exd5 Nc5 (20... Bxb2 21. Ra2 $1 Bc3 22. Bxc3 (22.
Bxa6 Rxa6 $1 23. Bxc3 Rca8 $13) 22... Qxc3 23. Bxa6 Rc7 24. Bb5 $13) 21. c3
Nxd3 22. Qxd3 Qc4 $15) 19... e6 $5 (19... Nc5 20. b4 (20. Be3 $5 {This is a
strange configuration to prefer over Bd2 and Re1 with an extra tempo to boot,
but maybe White is still equal here.}) 20... Nxd3 21. cxd3 $15) 20. Nd1 Nc5 21.
Bc3 Bxc3 22. Nxc3 Re8 (22... d5 $1 23. e5 (23. exd5 exd5 24. f5 Re8 $15) 23...
d4 $15) 23. Raa1 Rac8 24. Rfe1 f5 $1 25. Rad1 fxe4 (25... d5 $1 26. exd5 Qxf4
$17 {Ivanchuk}) 26. Nxe4 Bxe4 27. Bxe4 d5 (27... Nxe4 28. Qxe4 Qxc2 29. Qxc2
Rxc2 30. Rxd6 Rxb2 31. a5 $15) 28. Bd3 Qxf4 29. Bxa6 Nxa6 30. Qxa6 Rxc2 31. Qb5
$1 {The move he missed} (31. Qxb6 Qg4 32. Qg1 (32. Rg1 Rxg2) 32... Qxa4 $17)
31... Qb8 32. Rxd5 Rxb2 33. Qxb2 exd5 34. Rd1 $15 Qd6 35. Qd4 $6 (35. h3 d4 $15
) 35... Re5 $6 (35... Qc5 $1) 36. h3 Qe6 37. Kh2 Qd6 38. Kh1 Rf5 39. Kg1 h5 $2
40. Rb1 $1 Qc5 41. Qxc5 bxc5 42. a5 $10 Rf4 43. Rb5 Rc4 44. a6 Ra4 45. Rxc5
Rxa6 46. Rxd5 1/2-1/2

[Event "World op 28th"]
[Site "Philadelphia"]
[Date "2000.07.04"]
[Round "8"]
[White "Karklins, Andrew"]
[Black "Atalik, Suat"]
[Result "0-1"]
[WhiteElo "2317"]
[BlackElo "2575"]
[Annotator "Atalik,S"]
[PlyCount "96"]
[EventDate "2000.06.28"]
[EventType "swiss"]
[EventRounds "9"]
[EventCountry "USA"]
[SourceTitle "CBM 078"]
[Source "ChessBase"]
[SourceDate "2000.10.18"]
[SourceVersion "1"]
[SourceVersionDate "2000.10.18"]
[SourceQuality "1"]

1. e4 c5 2. Nf3 d6 3. d4 cxd4 4. Nxd4 Nf6 5. Nc3 Nc6 6. g3 g6 7. Nxc6 bxc6 8.
e5 $5 {Karklins comes up as usual with some venomous line.} dxe5 9. Qxd8+ Kxd8
10. Bg2 Bb7 $6 {Not the best.} (10... Kc7 11. f4 e4 12. Be3 (12. Nxe4 Nxe4 13.
Bxe4 Bf5 14. Bxf5 gxf5 $11) 12... Bf5 13. Bd4 Bg7 $11) (10... Bd7 11. f4 Bh6 (
11... exf4 $2 12. Bxf4 Bg7 13. O-O-O Kc8 14. Rhe1 Re8 15. Rxd7 Kxd7 16. Rd1+
$16) 12. fxe5 Bxc1 13. Rxc1 Ng4 14. e6 Bxe6 15. Bxc6 Rb8 $11) (10... Bf5 11.
Bxc6 Rc8 12. Ba4 Ne4 $15) 11. Bd2 (11. f4 Nd7 12. fxe5 Nxe5 13. Bf4 Bg7 14.
O-O-O+ Kc7 15. Rhe1 f6 16. Ne4 Rad8 17. Nc5 Rxd1+ 18. Rxd1 Bc8 $15) 11... Kc7
12. O-O-O Nd7 13. Na4 (13. Ne4 Bg7 14. Ng5 $2 h6 15. Nxf7 Rhf8 16. Nxh6 Rxf2
$17) 13... a5 14. Rhe1 e6 15. f4 $2 (15. Bc3 Bb4 16. Bxe5+ Nxe5 17. Rxe5 Bd6
18. Re2 Rhd8 $11) 15... Bd6 16. Bc3 exf4 $1 $19 17. Bxh8 Rxh8 18. Rd3 Ba6 19.
Rf3 g5 20. gxf4 Bxf4+ $5 (20... gxf4 $142) 21. Kb1 Rd8 (21... Ne5 22. Rxf4 gxf4
23. Nc5 (23. Rxe5 $2 Rg8 $19) 23... Nc4 24. Nxa6+ Kb6 $19) (21... h6 $5) 22. b3
(22. Rh3 Nf8 (22... Nf6 23. Rh6)) 22... h6 23. c4 e5 24. Bh3 Bc8 25. Kc2 h5 26.
Bf5 g4 (26... Nc5 27. Bxc8 Nxa4 (27... Rd2+ 28. Kc3 Nxa4+ 29. bxa4 Rxh2 30.
Rxf4 (30. Bf5 Bd2+) 30... exf4 31. Bf5 Kd6 $17) 28. bxa4 Kxc8 $19) 27. Rf2 (27.
Rd3 Nc5) 27... g3 28. Rf3 h4 (28... gxh2 29. Rxf4 exf4 30. Rh1 Ne5 31. Bxc8
Rxc8 32. Rxh2 Rh8 $19) 29. hxg3 hxg3 30. Re2 Rg8 31. Rf1 Rg5 32. Be4 Nf8 33.
Nc5 Ne6 34. Nxe6+ Bxe6 35. a3 Rg8 (35... Bg4 36. Ree1 Rh5 37. Rh1 Rh2+ 38. Rxh2
gxh2 39. b4 axb4 40. axb4 f5 41. Bg2 e4 $19) 36. Rh1 Bg4 37. Rg2 (37. Ree1 f5
38. Bg2 Rd8 39. Rh7+ Kb6 $19) 37... f5 38. Rh7+ Kb6 39. Bd3 e4 (39... Bf3 40.
b4 axb4 41. axb4 c5 42. Rg1 e4 $19) 40. Bf1 Bd6 (40... Bf3 41. b4 axb4 42. axb4
c5 $19) 41. b4 axb4 42. axb4 Bxb4 43. Kb3 $2 (43. Rxg3 Bd1+ 44. Kxd1 Rxg3 45.
Bh3 Rf3 $19) 43... Kc5 44. Rf7 Be1 45. Ra2 Bd1+ 46. Kb2 g2 47. Rxf5+ Kd4 48.
Ra7 g1=Q 0-1

[Event "New York op"]
[Site "New York"]
[Date "1998.03.17"]
[Round "3"]
[White "Movsesian, Sergei"]
[Black "Tischbierek, Raj"]
[Result "1-0"]
[WhiteElo "2595"]
[BlackElo "2525"]
[Annotator "Atlas,V"]
[PlyCount "63"]
[EventDate "1998.03.16"]
[EventType "swiss"]
[EventRounds "9"]
[EventCountry "USA"]
[SourceTitle "CBM 064"]
[Source "ChessBase"]
[SourceDate "1998.06.02"]
[SourceVersion "1"]
[SourceVersionDate "1998.06.02"]
[SourceQuality "1"]

1. e4 {Gofshtein,L} c5 2. Nf3 Nc6 3. d4 cxd4 4. Nxd4 Nf6 5. Nc3 d6 6. g3 Nxd4
$5 {A rare continuation, gaining popularity in the modern practice.} ({After} 
6... g6 {White can opt for} 7. Bg2 (7. Nde2 {, avoiding knight exchange and
playing Dragon line with all minor pieces.} Bg7 {Gofshtein,L} 8. Bg2 O-O 9. O-O
Rb8 10. a4 a6 11. Nd5 b5 12. axb5 axb5 13. Be3 b4 14. Ra2 Ng4 $132 {
Ivanchuk-Kramnik ,1995 Horgen}) 7... Nxd4 (7... Bg7 8. Nxc6 bxc6 9. e5 dxe5 10.
Qxd8+ (10. Bxc6+ Bd7 11. Bg2 $13 (11. Bxa8 Qxa8 $40)) 10... Kxd8 11. Bxc6 Rb8
12. Be3 Rxb2 $1 13. O-O-O+ Kc7 14. Bb5 $5 (14. Kxb2 Kxc6 15. Bxa7) 14... Rb4
15. a3 Rxb5 16. Nxb5+ Kb7 {Adams-Dreev ,Linares 1997}) 8. Qxd4 Bg7) (6... Bg4 {
Gofshtein,L} 7. f3 Bd7 (7... Nxd4 8. Qxd4 Bd7 (8... Bxf3 $2 9. Bb5+ Nd7 10. Rf1
$36) 9. g4 e5 10. Qd3 Be7 11. Be3 O-O 12. O-O-O Be6 13. Rg1 $1 Rc8 14. g5 Nh5
15. Nd5 $16 {Atlas-Tukmakov,Liechtentshtein 1991}) 8. Be3 Nxd4 9. Qxd4 g6 10.
O-O-O Bg7 11. e5 dxe5 12. Qb4 $1 Qc8 (12... O-O 13. Bb5 $16) 13. Rxd7 $3 Nxd7
14. Nd5 Qd8 15. Bb5 e6 16. Rd1 $1 $18 {Motvani-Lamford Aosta 1987}) (6... e5 {
Gofshtein,L} 7. Nde2 Be7 8. Bg2 O-O 9. O-O a6 10. h3 b5 11. Be3 b4 12. Nd5 Nxd5
13. exd5 Na5 14. b3 $14 {Boleslavsky-Bondarevsky,USSR 1953}) (6... Qb6 {
Gofshtein,L} 7. Nb3 Bg4 8. f3 Be6 9. Nd5 Bxd5 10. exd5 Nb4 11. c4 g6 $1 12. a3
Na6 13. Qd3 Bg7 14. Be3 Nc5 15. Nxc5 dxc5 16. Rb1 Nd7 17. b4 O-O 18. Be2 $13)
7. Qxd4 g6 8. Bg5 (8. e5 {Gofshtein,L} dxe5 9. Qxe5 Bg7 10. Bg2 O-O 11. O-O Bf5
$1 12. Qe2 e6 $5 (12... Qc8 $5 13. Qxe7 Re8 14. Qxb7 Qxb7 15. Bxb7 Rab8 $44 {
Kaidanov}) 13. Bxb7 Rb8 14. Bf3 h5 15. Rb1 Ng4 $1 16. Bf4 e5 17. Be3 Nxe3 18.
fxe3 $14 {Kaidanov}) (8. Bg2 {Gofshtein,L} Bg7 9. O-O O-O 10. Qb4 a5 11. Qb3
Be6 12. Nd5 (12. Qxb7 Nd7 13. Qb5 (13. Nd5 Rb8 $15) (13. Rd1 Rb8 14. Qa7 Nc5
15. e5 Bxe5 $17) 13... Bxc3 14. bxc3 Qc7 $17) 12... a4 $15 {Adams-Kramnik Wijk
aan Zee}) 8... Bg7 9. Bg2 O-O (9... h6 {Gofshtein,L} 10. Bd2 O-O 11. Qd3 Be6
12. O-O Rc8 $132 {Fillipenko-Atalik,Capella Grande 1995}) 10. Qd2 Be6 (10...
Qb6 $1 {Gofshtein,L} 11. Rb1 Be6 12. O-O Rac8 13. Rfe1 Rc4 $36 {Farah-Sorokin
Boga 1997}) 11. O-O Rc8 (11... Ng4 {Gofshtein,L} 12. Nd5 Bxd5 13. Qxd5 Bxb2 14.
Rab1 Bf6 15. Rxb7 Rc8 $15 {Mrva-Dohojan,Germany 1998}) 12. Rfe1 (12. Nd5 {
Gofshtein,L} Nxd5 13. exd5 Bf5 14. c3 Rc7 15. h3 b5 $132 {Balashov-Brodskij
1991 Smolensk 1991}) 12... Nd7 $5 ({An interesting idea. Black opens the main
diagonal for his bishop, whereas his knight gets access to the e5- and b6-
squares. Vacating the f6-square for his bishop yields Black a possibility to
offer exchange of the dark-squared bishops. The standard continuation is} 12...
Re8 13. Nd5 Ng4 14. c3 h6 15. h3 hxg5 16. hxg4 Bxd5 17. exd5 Bf6 {1/2-1/2
Vombek,D-Sher,M/Maribor 1990}) 13. Rab1 (13. Nd5 $5 $14 {Gofshtein,L}) 13...
Re8 (13... Bxc3 $5 {Gofshtein,L} 14. bxc3 b6 $132) 14. Nd5 Bxd5 (14... Nb6 $5
$132 {Gofshtein,L}) 15. exd5 Bf6 $6 (15... Nb6 {(threatening 16...Nc4 and
provoking 16.b3? Bc3)} 16. c3 Nc4 {was to be preferred. Now White obtains a
durable advantage.}) (15... Nb6 $5 $132 {Gofshtein,L}) 16. Bxf6 Nxf6 17. Re2
Qb6 18. c3 Qc5 19. Rbe1 {[%csl Re7][%cal Ge2e7,Ge1e7,Gh2h3,Gg3g4,Gf2f4] A
strong presssure along the e-file and good attacking prospects on the kingside
are the factors, which determine White's lasting advantage.} Rc7 20. h3 {
Preparing pawn advances on the kingside.} Kg7 (20... h5 {is met by} 21. Qg5) (
20... b5 $5 {Gofshtein,L}) 21. Kh2 Qc4 22. a3 a5 {Trying to obtain some
counterplay on the queenside.} 23. g4 h6 24. f4 $1 b5 25. g5 hxg5 $2 ({Opening
f- and h- files is definitely in White's favor. Passive, but prudent} 25... Ng8
{was to be preferred.}) 26. fxg5 Nd7 (26... Nh5 $2 27. Re4 Qc5 28. Bf3 {
, intending to exchange the bishop for the knight, further weakening Black's
kingside.}) (26... Nh7 $6 27. Re4 Qc5 28. Qf4 $1 {, and White's pressure along
the e-, f- and, above all, h-files (after Qh4) is very unpleasant.}) 27. Re4 (
27. Rxe7 $2 {Gofshtein,L} Rxe7 28. Rxe7 Ne5 $132) 27... Qc5 28. Qf4 $1 $18 {
[%csl Re7,Rf7,Rg7][%cal Ge4e7,Ge1e7,Ge1f1,Gf1f7,Gf4h4,Gh4h6,Ge4h4]} ({Black
obviously counted on} 28. Rxe7 $6 Rxe7 29. Rxe7 Ne5 {, obtaining a counterplay.
However, Movsesian response shows that he plans a very different continuation
of his aggresive play. After the white queen thrust, Black's position is
defenseless.}) 28... Nb6 ({Now the threat 29.Re7 cannot be ignored:} 28... a4
29. Rxe7 Rxe7 30. Rxe7 Ne5 31. Qf6+ Kf8 32. Re6 {with mate in 4} (32. Rxe5 {
also wins easily:} dxe5 33. d6 {/\Qh8#})) (28... Qxd5 $4 {immediately loses
after} 29. Rxe7 $18) (28... Ne5 {admits an elegant refutation:} 29. Rxe5 $1
dxe5 30. Qxe5+ Kg8 (30... Kh7 31. Re4 {/\Rh4+-}) 31. d6 (31. Re4 {offers a
trace of resistance after} Rf8 32. Rh4 f6) 31... Qxe5+ 32. Rxe5 Rc4 (32... Ra7
33. Bc6 $18) 33. Bf1 {, with easy win.} (33. dxe7 {must also suffice for win})
(33. Bd5 $1 {Gofshtein,L} Rc5 (33... Rf4 34. Bc6) 34. Bxf7+ Kxf7 35. Rxc5 exd6
36. Rxb5 $18)) 29. Rf1 $1 Rf8 30. Qh4 $1 Kg8 (30... Rh8 {does not help either:}
31. Rxf7+ (31. Ref4 {(not the strongest continuation, which, however, must
suffice for win)} e5 (31... Rxh4 32. Rxf7+ Kh8 33. Rf8+ Kh7 34. R1f7#) 32.
Rxf7+ Rxf7 33. Rxf7+ Kxf7 34. Qxh8 $18) 31... Kxf7 32. Qxh8 {, and Black's
position is unbearable.}) 31. Qh6 {Threatening 32.Rh4} Qxd5 32. Rf6 $1 {
[%csl Rg8][%cal Ge4h4,Gf6g6,Gh4h8,Gg6g8] Powerful final accord! Mate is
inevitable now in view of the threats 33.Rg6+ and 33.Rh4.} 1-0

[Event "YUG-ch53"]
[Site "Belgrade "]
[Date "1998.03.16"]
[Round "3"]
[White "Popovic, Petar"]
[Black "Kontic, Djordjije"]
[Result "1/2-1/2"]
[WhiteElo "2525"]
[BlackElo "2330"]
[Annotator "Atlas,V"]
[PlyCount "91"]
[EventDate "1998.03.14"]
[EventType "tourn"]
[EventRounds "15"]
[EventCountry "YUG"]
[EventCategory "10"]
[SourceTitle "CBM 064"]
[Source "ChessBase"]
[SourceDate "1998.06.02"]
[SourceVersion "1"]
[SourceVersionDate "1998.06.02"]
[SourceQuality "1"]

1. e4 c5 2. Nf3 d6 3. d4 Nf6 4. Nc3 cxd4 5. Nxd4 g6 6. g3 Nc6 7. Nde2 Bg7 8.
Bg2 Bd7 9. h3 Qc8 10. b3 b5 $5 {A new move. The standard continuation is} (
10... O-O 11. Bb2 a5 (11... Ne8 12. Qd2 b5 13. O-O-O Qa6 14. Kb1 e6 15. f4 Rd8
16. g4 Ne7 17. a3 {1/2-1/2 Palac,M-Koch,J/Cannes Martinez 1995}) (11... Rb8 12.
Qd2 b5 13. O-O-O a5 14. Nd5 Nxd5 15. Bxg7 Kxg7 16. exd5 Nb4 17. a3 Na6 18. Nd4
{Savic,M-Marcetic,N/JUG-chT 1993/1-0 (65)}) (11... Re8 12. Rb1 Nb4 13. a3 Na6
14. g4 Nc5 15. Ng3 Ne6 16. Qd2 Qc5 17. Nce2 Rac8 18. c4 b5 19. O-O Red8 20.
Rfc1 Qb6 21. g5 Ne8 22. Bxg7 N8xg7 23. Nc3 {Marinkovic,I-Markovic,M/JUG-chT
1997/0-1 (48)}) 12. a3 (12. Rb1 Nb8 13. Nf4 e6 14. Qxd6 Rd8 15. Qd2 Bb5 16. Nd3
Ba6 17. O-O Nc6 18. Na4 {1/2-1/2 Marinkovic,I-Velimirovic,D/JUG-chT 1996 (43)})
12... Ra6 13. Rb1 Na7 14. Nf4 Re8 15. Ncd5 Nxd5 16. Nxd5 Bxb2 17. Rxb2 a4 18.
bxa4 Nc6 19. Nb6 Qc7 20. Nd5 Qc8 21. Qd2 {1-0 Salov,V-Ivanchuk,V/Buenos Aires
Sicilian 1994 (37)}) 11. Bb2 Rb8 12. Rb1 O-O 13. Nd5 ({The most natural
response. Still,} 13. Nf4 {was an interesting alternative.}) 13... Nxd5 14.
exd5 Bxb2 15. Rxb2 Na5 ({The central square is taboo for the knight:} 15... Ne5
$2 16. f4 $18) 16. c3 Nb7 17. h4 (17. Rd2 $5 {/\Rd4 deserved here serious
attention.}) 17... Bf5 {Now the threat is 18...Nc5 /\Nd3+.} 18. O-O Nc5 19. Nd4
Rb7 20. Nxf5 (20. f3 {, with the idea 21.g4, is strongly met by} h5) (20. Re1 {
fails to} Nd3 21. Nxf5 Qxf5) 20... Qxf5 21. Rd2 b4 22. cxb4 Rxb4 23. Re1 {
[%csl Re7][%cal Ge3e7,Ge1e7,Gd2e2]} Re8 24. Rd4 (24. Re3 {was a good
alternative here.} Ne4 {is bad in view of} 25. Rde2 {, and White could exert a
strong pressure on e-file after 25.Qe2.}) 24... a5 25. Rxb4 axb4 26. Qd2 Qf6
27. Rc1 ({The b4 pawn is invulnerable:} 27. Qxb4 $2 Nd3 28. Qb5 Qxf2+ 29. Kh2
Nxe1 $19) 27... Ra8 28. Kh2 h5 29. Rc4 Rb8 30. Rf4 (30. f4 Qa1 $140 31. f5 $1 {
deserved serious attention.}) 30... Qc3 31. Qxc3 bxc3 32. Rc4 Ra8 33. b4 Nd3
34. Rxc3 Nxb4 {Now Black sets his rook and knight on a5 and c5 respectively,
preventing further advanement of the a -pawn.} 35. a3 Na6 36. Bf1 Nc5 37. Bb5
Ra5 38. Bc6 Ra6 39. Bb5 Ra5 40. Bc6 Ra6 41. Kg2 e5 42. Bb5 Ra5 43. Bc6 Ra6 44.
Bb5 Ra5 45. Bc6 Kf8 46. a4 1/2-1/2

[Event "ARG-ch"]
[Site "Buenos Aires"]
[Date "1998.04.23"]
[Round "8"]
[White "Spangenberg, Hugo"]
[Black "Fiorito, Fabian"]
[Result "1/2-1/2"]
[WhiteElo "2530"]
[BlackElo "2455"]
[Annotator "Atlas,V"]
[PlyCount "82"]
[EventDate "1998.04.15"]
[EventType "tourn"]
[EventRounds "15"]
[EventCountry "ARG"]
[EventCategory "9"]
[SourceTitle "CBM 065"]
[Source "ChessBase"]
[SourceDate "1998.08.06"]
[SourceVersion "1"]
[SourceVersionDate "1998.08.06"]
[SourceQuality "1"]

1. e4 c5 2. Nf3 d6 3. d4 cxd4 4. Nxd4 Nf6 5. Nc3 Nc6 6. g3 g6 7. Nde2 Bg7 8.
Bg2 O-O 9. O-O Rb8 10. a4 a6 11. h3 b5 12. axb5 axb5 13. Nd5 Nd7 14. Ra2 e6 15.
Ne3 (15. Ndf4 Nde5 (15... Qc7 16. Bd2 Nc5 17. Nc1 Bb7 18. Ncd3 Ra8 19. Rxa8
Rxa8 20. Re1 Na4 21. c3 Nc5 22. Qc2 Na5 {0-1 Horvath,T-Georgiev,K/Lvov 1984 
(37)}) 16. b3 Qc7 17. c3 Bb7 18. Rd2 Rfd8 19. Nd4 Ba6 20. Ndxe6 fxe6 21. Nxe6
Qe7 22. Nxd8 Rxd8 {Mencinger,V-Peptan,C/Ljubljana 1997/0-1 (72)}) 15... Qc7 ({
Another move} 15... Nc5 {also brings Black good practical results:} 16. Bd2 (
16. g4 Bb7 17. Ng3 Qc7 18. f4 Ra8 19. Rxa8 Rxa8 20. Qd2 Ra1 21. g5 Nd4 22. Ng4
Nd7 23. c3 Nb3 24. Qc2 Nxc1 25. Rxc1 Rxc1+ 26. Qxc1 b4 27. f5 bxc3 28. f6 Qb6+
29. Kh2 Qxb2 30. Qd1 c2 31. Qxd6 c1=Q 32. Qxd7 Bf8 {0-1 Del Rio,S-Relange,E/
WchJM-U20 1994}) 16... b4 17. b3 Ba6 18. Re1 Qc7 19. Nf1 Ra8 20. Nc1 Bb5 21.
Rxa8 Rxa8 22. Bf4 Nb7 23. Be3 Ra1 {0-1 Giertz,N-Tatai,S/Zuerich op 1988 (31)})
16. Qd2 {Preventing 16...Nb4 and threatening 17.Rd1.} Nf6 17. g4 ({Now} 17. Rd1
$6 {is met by} Rd8) 17... h6 18. f4 Bb7 19. Ng3 $6 ({Instead,} 19. b3 Rbd8 20.
Bb2 {deserved here serioius attention. The text move allows Black to realize a
liberating pawn advance d6-d5.}) 19... Rbd8 {[%csl Rd5][%cal Gd8d5]} 20. Kh1 d5
21. exd5 exd5 22. c3 (22. Nxd5 $4 {would be a terrible mistake here:} Nxd5 23.
Bxd5 Rxd5 24. Qxd5 Nb4) 22... d4 {After this move Black gains a stable
positional advantage due to the better position of his pieces and control over
the center.} 23. cxd4 Nxd4 24. Bxb7 Qxb7+ 25. Qg2 Qxg2+ 26. Nxg2 ({Black
retains a superior position also after} 26. Kxg2 Rfe8) 26... Rfe8 {[%cal Gd8d1,
Ge8e1,Gd4b3,Gd4c2,Gf6d5]} 27. Be3 Nb3 28. Re1 Rd3 (28... Nd5 {is met by} 29.
Ra3) 29. Bf2 Rc8 $6 ({This move significantly reduces Black's winning
perspectives. Natural} 29... Rxe1+ 30. Nxe1 (30. Bxe1 Nd7) 30... Rd2 {yielded
Black good winning chances.}) 30. Re3 Rxe3 31. Bxe3 Nd5 32. Ra3 Nxe3 (32... Nd4
33. Rd3 {leads to transposition.}) 33. Nxe3 (33. Rxb3 {fails to} Nxg2 34. Kxg2
Rc2+ {followed by 35...Rb2.}) 33... Nd4 34. Rd3 Ne6 (34... Nf3 {or 34...Nc2
were plausible alternatives here. Still, in all lines White must be able to
keep his position.}) 35. f5 Nf4 36. Rb3 Bd4 37. fxg6 fxg6 38. Ngf1 Rc1 39. Kh2
Re1 40. Kg3 g5 41. Kf3 Rb1 1/2-1/2